Statistics for Ten Towns of Suffolk County (Long Island, New York)

Click here to take the quiz!

General Stats

  • This quiz has been taken 109 times
  • The average score is 5 of 10

Answer Stats

Hint (hamlets in that town)Answer% Correct
Bayport, Brentwood, RonkonkomaIslip
66%
Commack, Nesconset, Saint JamesSmithtown
66%
Asharoken, Lloyd Harbor, NorthportHuntington
64%
Calverton, Jamesport, NorthvilleRiverhead
63%
Amityville, Copiague, Deer ParkBabylon
56%
Medford, Patchogue, Shirley Brookhaven
55%
Eastport, Hampton Bays, WesthamptonSouthampton
55%
Amagansett, Montauk, SpringsEast Hampton
44%
East Marion, Greenport, OrientSouthold
41%
Dering Harbor, Shelter Island HeightsShelter Island
38%

Score Distribution

Percentile by Number Answered

Percent of People with Each Score

Your Score History

You have not taken this quiz